[Event "Mittelrhein Verbandsliga West 1920"]
[Site "Mittelrhein"]
[Date "2019.09.29"]
[Round "1.2"]
[White "Schmitz, Rolf"]
[Black "Bozidarevic, Slobodan"]
[Result "0-1"]
[WhiteElo "2007"]
[BlackElo "1841"]
[PlyCount "44"]
[EventDate "2019.09.29"]
[EventType "team-tourn"]
[EventRounds "9"]
[EventCountry "GER"]
[SourceTitle "EXT 2023"]
[Source "ChessBase"]
[SourceDate "2022.10.05"]
[SourceVersion "1"]
[SourceVersionDate "2022.10.05"]
[SourceQuality "1"]
[WhiteTeam "Kerpen SK"]
[BlackTeam "Brand SF"]
[WhiteTeamCountry "GER"]
[BlackTeamCountry "GER"]

1. c4 d6 2. Nc3 Nf6 3. d4 c6 4. e4 Qc7 5. Nf3 e5 6. Be2 Be7 7. 0-0 0-0 8. b3 Bg4 9. Bb2 Nbd7 10. h3 Bh5 11. Nh2 Bg6 12. Qd3 d5 13. cxd5 cxd5 14. Nb5 dxe4 15. Qg3 Qc2 16. dxe5 Qxb2 17. exf6 Bxf6 18. Bg4 Be5 19. Qe3 Nf6 20. Rab1 Qxa2 21. f4 exf3 22. Qxe5 Qxg2# 0-1

[Event "Mittelrhein Verbandsliga-W 18/19"]
[Site "Nordrheinwestfalen"]
[Date "2018.09.30"]
[Round "2.5"]
[White "Koch, Peter"]
[Black "Schmitz, Rolf"]
[Result "1/2-1/2"]
[WhiteElo "1805"]
[BlackElo "2022"]
[PlyCount "49"]
[EventDate "2018.09.02"]
[EventType "team-tourn"]
[EventRounds "11"]
[EventCountry "GER"]
[SourceTitle "EXT 2022"]
[Source "ChessBase"]
[SourceDate "2021.10.06"]
[SourceVersion "1"]
[SourceVersionDate "2021.10.06"]
[SourceQuality "1"]
[WhiteTeam "Brand SF"]
[BlackTeam "Kerpen SK"]
[WhiteTeamCountry "GER"]
[BlackTeamCountry "GER"]

1. c4 c6 2. d4 d5 3. e3 Nf6 4. Nc3 e6 5. Nf3 Be7 6. Be2 0-0 7. 0-0 Nbd7 8. a3 b6 9. Bd2 Bb7 10. Rc1 c5 11. cxd5 exd5 12. Bd3 Ne4 13. Bb1 Ndf6 14. Ne5 Bd6 15. f3 Nxd2 16. Qxd2 Re8 17. f4 cxd4 18. exd4 Ne4 19. Nxe4 dxe4 20. Ba2 Bxe5 21. fxe5 Bd5 22. Bb1 Rc8 23. Qe3 Rxc1 24. Rxc1 f5 25. exf6 1/2-1/2

[Event "Mittelrhein Verbandsliga-W 17/18"]
[Site "Nordrheinwestfalen"]
[Date "2017.12.03"]
[Round "5.6"]
[White "Schmitz, Rolf"]
[Black "Hoefner, Christoph"]
[Result "1-0"]
[WhiteElo "1971"]
[BlackElo "1790"]
[PlyCount "77"]
[EventDate "2017.09.10"]
[EventType "team-tourn"]
[EventRounds "11"]
[EventCountry "GER"]
[SourceTitle "EXT 2022"]
[Source "ChessBase"]
[SourceDate "2021.10.06"]
[SourceVersion "1"]
[SourceVersionDate "2021.10.06"]
[SourceQuality "1"]
[WhiteTeam "Kerpen SK"]
[BlackTeam "Bruehl III"]
[WhiteTeamCountry "GER"]
[BlackTeamCountry "GER"]

1. c4 Nf6 2. Nc3 g6 3. g3 Bg7 4. Bg2 d6 5. d4 0-0 6. e4 e5 7. Nge2 Nbd7 8. 0-0 c6 9. b3 Qe7 10. Ba3 c5 11. dxe5 dxe5 12. Nd5 Nxd5 13. cxd5 Qd6 14. Rc1 b6 15. Qd2 Ba6 16. Rfe1 Rac8 17. Nc3 f5 18. Bf1 Bxf1 19. Rxf1 a6 20. f3 Rfd8 21. Qd3 f4 22. Bb2 c4 23. bxc4 Qc5+ 24. Kg2 Qxc4 25. Qxc4 Rxc4 26. Ne2 Rdc8 27. gxf4 Rc2 28. Rf2 exf4 29. Rxc2 Rxc2 30. Bxg7 Kxg7 31. Nxf4 Rc3 32. Ne6+ Kf6 33. f4 b5 34. Ng5 h6 35. e5+ Kf5 36. Nf7 Ke4 37. d6 Kd5 38. Rd2+ Ke6 39. Nd8+ 1-0

[Event "Mittelrhein Verbandsliga-W 17/18"]
[Site "Nordrheinwestfalen"]
[Date "2017.11.12"]
[Round "4.6"]
[White "Bausch, Bernd"]
[Black "Schmitz, Rolf"]
[Result "0-1"]
[WhiteElo "1765"]
[BlackElo "1971"]
[PlyCount "25"]
[EventDate "2017.09.10"]
[EventType "team-tourn"]
[EventRounds "11"]
[EventCountry "GER"]
[SourceTitle "EXT 2022"]
[Source "ChessBase"]
[SourceDate "2021.10.06"]
[SourceVersion "1"]
[SourceVersionDate "2021.10.06"]
[SourceQuality "1"]
[WhiteTeam "Lendersdorf"]
[BlackTeam "Kerpen SK"]
[WhiteTeamCountry "GER"]
[BlackTeamCountry "GER"]

1. e4 c5 2. Nf3 e6 3. d4 cxd4 4. Nxd4 a6 5. Nc3 Qc7 6. Be3 Bb4 7. Qd3 Nf6 8. f3 Nc6 9. Nxc6 bxc6 10. Be2 d5 11. a3 Bd6 12. g3 Bb7 13. Bg5 0-1

[Event "Mittelrhein Verbandsliga-W 17/18"]
[Site "Nordrheinwestfalen"]
[Date "2017.09.10"]
[Round "1.5"]
[White "Schmitz, Rolf"]
[Black "Schulten, Berthold"]
[Result "1-0"]
[WhiteElo "1971"]
[BlackElo "1897"]
[PlyCount "109"]
[EventDate "2017.09.10"]
[EventType "team-tourn"]
[EventRounds "11"]
[EventCountry "GER"]
[SourceTitle "EXT 2022"]
[Source "ChessBase"]
[SourceDate "2021.10.06"]
[SourceVersion "1"]
[SourceVersionDate "2021.10.06"]
[SourceQuality "1"]
[WhiteTeam "Kerpen SK"]
[BlackTeam "Aachen PTSV"]
[WhiteTeamCountry "GER"]
[BlackTeamCountry "GER"]

1. c4 Nf6 2. Nc3 g6 3. g3 Bg7 4. Bg2 d6 5. d4 0-0 6. e4 e5 7. Nge2 Nbd7 8. 0-0 exd4 9. Nxd4 Nc5 10. Nb3 Nfd7 11. Nd5 c6 12. Ne3 Qc7 13. Qc2 a5 14. Bd2 a4 15. Nxc5 Nxc5 16. Bc3 Re8 17. Bxg7 Kxg7 18. Qc3+ Kg8 19. f3 Qe7 20. Rfe1 Bd7 21. Rad1 Rad8 22. b4 axb3 23. axb3 f6 24. b4 Na6 25. Re2 Bc8 26. f4 Kg7 27. Bf3 h6 28. Rde1 Qc7 29. Bg4 h5 30. Bf3 Qb6 31. Rb2 Rf8 32. Kg2 Qc7 33. Rbe2 Rde8 34. Nc2 Rf7 35. Rd1 Rd8 36. Red2 Rfd7 37. Nd4 Re7 38. b5 Nc5 39. bxc6 bxc6 40. e5 fxe5 41. Nxc6 Bb7 42. Nxd8 Bxf3+ 43. Qxf3 Qxd8 44. Rxd6 Qf8 45. Qc6 exf4 46. Rxg6+ Kh7 47. Rf6 Qg7 48. Rxf4 Nd7 49. Qf3 Qb2+ 50. Kh3 Qe5 51. Rf7+ Kh8 52. Rxe7 Qxe7 53. Qxh5+ Kg7 54. Rxd7 Qxd7+ 55. Qg4+ 1-0

[Event "Mittelrhein Verbandsliga-W 16/17"]
[Site "Nordrheinwestfalen"]
[Date "2016.10.23"]
[Round "3.6"]
[White "Blasche, Martin"]
[Black "Schmitz, Rolf"]
[Result "1/2-1/2"]
[WhiteElo "1774"]
[BlackElo "1952"]
[PlyCount "28"]
[EventDate "2016.09.11"]
[EventType "team-tourn"]
[EventRounds "11"]
[EventCountry "GER"]
[SourceTitle "EXT 2022"]
[Source "ChessBase"]
[SourceDate "2021.10.06"]
[SourceVersion "1"]
[SourceVersionDate "2021.10.06"]
[SourceQuality "1"]
[WhiteTeam "Erftstadt SV"]
[BlackTeam "Kerpen SK"]
[WhiteTeamCountry "GER"]
[BlackTeamCountry "GER"]

1. d4 d5 2. c4 c6 3. Nc3 Nf6 4. Nf3 e6 5. cxd5 exd5 6. Qc2 Bd6 7. Bg5 0-0 8. e3 Nbd7 9. Bd3 b6 10. Bxh7+ Kh8 11. Bd3 Bb7 12. Qe2 Qe8 13. h4 Ne4 14. Nd2 f5 1/2-1/2

[Event "Mittelrhein Verbandsliga-W 15/16"]
[Site "Nordrheinwestfalen"]
[Date "2016.05.01"]
[Round "11.5"]
[White "Luedtke, Wolfgang"]
[Black "Schmitz, Rolf"]
[Result "0-1"]
[WhiteElo "1616"]
[BlackElo "1954"]
[PlyCount "22"]
[EventDate "2015.09.06"]
[EventType "team-tourn"]
[EventRounds "11"]
[EventCountry "GER"]
[SourceTitle "EXT 2022"]
[Source "ChessBase"]
[SourceDate "2021.10.06"]
[SourceVersion "1"]
[SourceVersionDate "2021.10.06"]
[SourceQuality "1"]
[WhiteTeam "Bruehl II"]
[BlackTeam "Kerpen SK"]
[WhiteTeamCountry "GER"]
[BlackTeamCountry "GER"]

1. e4 c5 2. Nf3 e6 3. d4 cxd4 4. Qxd4 Nc6 5. Qd1 Nf6 6. e5 Nxe5 7. Nc3 Nxf3+ 8. Qxf3 d5 9. Bg5 Be7 10. Bd3 0-0 11. h4 Bd7 0-1

[Event "Mittelrhein Verbandsliga-W 15/16"]
[Site "Nordrheinwestfalen"]
[Date "2016.04.10"]
[Round "10.5"]
[White "Schmitz, Rolf"]
[Black "Pingen, Peter"]
[Result "1/2-1/2"]
[WhiteElo "1954"]
[BlackElo "1753"]
[PlyCount "80"]
[EventDate "2015.09.06"]
[EventType "team-tourn"]
[EventRounds "11"]
[EventCountry "GER"]
[SourceTitle "EXT 2022"]
[Source "ChessBase"]
[SourceDate "2021.10.06"]
[SourceVersion "1"]
[SourceVersionDate "2021.10.06"]
[SourceQuality "1"]
[WhiteTeam "Kerpen SK"]
[BlackTeam "Dueren Derichsweiler"]
[WhiteTeamCountry "GER"]
[BlackTeamCountry "GER"]

1. c4 e6 2. Nc3 d5 3. cxd5 exd5 4. d4 Nf6 5. Nf3 c6 6. Bg5 Be7 7. e3 0-0 8. Bd3 h6 9. Bh4 Re8 10. 0-0 Nbd7 11. Rc1 Ne4 12. Bxe7 Qxe7 13. Re1 Nf8 14. Nd2 Nxd2 15. Qxd2 Be6 16. f3 f5 17. Ne2 Qf7 18. Ng3 Ng6 19. Qc2 Rf8 20. Rf1 Ne7 21. Rce1 Rae8 22. Qa4 Nc8 23. Qc2 Qd7 24. Ne2 Nd6 25. Nf4 Bf7 26. Qf2 Re7 27. Bb1 Rfe8 28. b3 Rf8 29. Nd3 Be8 30. Nc5 Qd8 31. Qh4 Rf6 32. e4 g5 33. Qg3 fxe4 34. fxe4 Rxf1+ 35. Rxf1 Nxe4 36. Qh3 Qd6 37. Qf5 Rf7 38. Nxe4 dxe4 39. Qxe4 Rxf1+ 40. Kxf1 Qf6+ 1/2-1/2

[Event "Mittelrhein Verbandsliga-W 15/16"]
[Site "Nordrheinwestfalen"]
[Date "2016.02.21"]
[Round "8.6"]
[White "Budelsky, Dietmar"]
[Black "Schmitz, Rolf"]
[Result "1/2-1/2"]
[WhiteElo "1838"]
[BlackElo "1954"]
[PlyCount "120"]
[EventDate "2015.09.06"]
[EventType "team-tourn"]
[EventRounds "11"]
[EventCountry "GER"]
[SourceTitle "EXT 2022"]
[Source "ChessBase"]
[SourceDate "2021.10.06"]
[SourceVersion "1"]
[SourceVersionDate "2021.10.06"]
[SourceQuality "1"]
[WhiteTeam "Pulheim"]
[BlackTeam "Kerpen SK"]
[WhiteTeamCountry "GER"]
[BlackTeamCountry "GER"]

1. d4 d5 2. Nf3 Nf6 3. Bg5 e6 4. e3 c5 5. c3 Qb6 6. Qb3 Qxb3 7. axb3 Ne4 8. Bf4 Nc6 9. Nbd2 cxd4 10. Nxe4 dxe4 11. Nxd4 Bd7 12. b4 f6 13. b5 Ne7 14. Bd6 e5 15. Nb3 Nf5 16. Bxf8 Rxf8 17. Nc5 Nd6 18. c4 Ke7 19. Be2 Bf5 20. b3 Rfc8 21. Na4 b6 22. 0-0 Nb7 23. g4 Be6 24. f4 Nc5 25. Nxc5 Rxc5 26. f5 Bc8 27. Rfd1 Rc7 28. Rd2 g6 29. fxg6 hxg6 30. Kf2 Rb8 31. Kg3 Rbb7 32. Rad1 Rd7 33. Rxd7+ Bxd7 34. h4 f5 35. h5 gxh5 36. gxh5 Kf6 37. Rd6+ Be6 38. b4 Rg7+ 39. Kf2 Ke7 40. c5 f4 41. Rc6 bxc5 42. Rc7+ Kf6 43. Rxg7 Kxg7 44. bxc5 Kh6 45. c6 f3 46. Bd1 Kxh5 47. Bc2 Bc4 48. c7 Be6 49. Bxe4 Bc8 50. Kxf3 Kg5 51. Bd5 Kf5 52. Bc6 Ke6 53. Ke4 Kd6 54. Bd5 Bd7 55. Bc4 Kc5 56. Be2 Kd6 57. Bf1 Bc8 58. Bd3 Bd7 59. Bc4 Kc5 60. Bd5 Kd6 1/2-1/2

[Event "Mittelrhein Verbandsliga-W 15/16"]
[Site "Nordrheinwestfalen"]
[Date "2016.01.10"]
[Round "6.6"]
[White "Frost, Andreas"]
[Black "Schmitz, Rolf"]
[Result "1/2-1/2"]
[WhiteElo "1920"]
[BlackElo "1954"]
[PlyCount "27"]
[EventDate "2015.09.06"]
[EventType "team-tourn"]
[EventRounds "11"]
[EventCountry "GER"]
[SourceTitle "EXT 2022"]
[Source "ChessBase"]
[SourceDate "2021.10.06"]
[SourceVersion "1"]
[SourceVersionDate "2021.10.06"]
[SourceQuality "1"]
[WhiteTeam "Wuerselen II"]
[BlackTeam "Kerpen SK"]
[WhiteTeamCountry "GER"]
[BlackTeamCountry "GER"]

1. d4 d5 2. c4 c6 3. Nf3 Nf6 4. Nc3 e6 5. g3 Be7 6. Bg2 0-0 7. 0-0 Nbd7 8. Re1 b6 9. e4 dxe4 10. Ng5 Bb7 11. Ngxe4 Nxe4 12. Nxe4 Nf6 13. Nxf6+ Bxf6 14. Be3 1/2-1/2

[Event "Mittelrhein Verbandsliga-W 15/16"]
[Site "Nordrheinwestfalen"]
[Date "2015.11.15"]
[Round "4.5"]
[White "Schmitz, Rolf"]
[Black "Blasche, Martin"]
[Result "1/2-1/2"]
[WhiteElo "1954"]
[BlackElo "1795"]
[PlyCount "26"]
[EventDate "2015.09.06"]
[EventType "team-tourn"]
[EventRounds "11"]
[EventCountry "GER"]
[SourceTitle "EXT 2022"]
[Source "ChessBase"]
[SourceDate "2021.10.06"]
[SourceVersion "1"]
[SourceVersionDate "2021.10.06"]
[SourceQuality "1"]
[WhiteTeam "Kerpen SK"]
[BlackTeam "Erftstadt SV"]
[WhiteTeamCountry "GER"]
[BlackTeamCountry "GER"]

1. c4 g6 2. Nc3 Bg7 3. g3 c5 4. Bg2 Nc6 5. e3 e6 6. Nge2 Nge7 7. d4 cxd4 8. exd4 d5 9. cxd5 Nxd5 10. 0-0 0-0 11. Nxd5 exd5 12. Be3 Be6 13. Rc1 Qd7 1/2-1/2

[Event "Mittelrhein Verbandsliga-W 15/16"]
[Site "Nordrheinwestfalen"]
[Date "2015.09.06"]
[Round "1.6"]
[White "Jerinic, Milan"]
[Black "Schmitz, Rolf"]
[Result "1/2-1/2"]
[WhiteElo "1903"]
[BlackElo "1954"]
[PlyCount "87"]
[EventDate "2015.09.06"]
[EventType "team-tourn"]
[EventRounds "11"]
[EventCountry "GER"]
[SourceTitle "EXT 2022"]
[Source "ChessBase"]
[SourceDate "2021.10.06"]
[SourceVersion "1"]
[SourceVersionDate "2021.10.06"]
[SourceQuality "1"]
[WhiteTeam "Herzogenrath"]
[BlackTeam "Kerpen SK"]
[WhiteTeamCountry "GER"]
[BlackTeamCountry "GER"]

1. Nf3 d5 2. c4 c6 3. b3 Nf6 4. Bb2 e6 5. g3 Be7 6. Bg2 0-0 7. 0-0 Nbd7 8. d3 b6 9. e4 Qc7 10. e5 Ng4 11. Qe2 dxc4 12. dxc4 Bb7 13. h3 Nh6 14. g4 Kh8 15. Nc3 Rfd8 16. Rfd1 Nf8 17. Ne4 Ng6 18. Qe3 Kg8 19. c5 Rxd1+ 20. Rxd1 Rd8 21. Rxd8+ Bxd8 22. Bf1 Ne7 23. Nf6+ Kh8 24. Ne8 Qd7 25. Nd6 Nd5 26. Qc1 bxc5 27. Ne4 Bb6 28. Nxc5 Qc7 29. Ng5 Qe7 30. Nge4 Bc8 31. Ba3 Bc7 32. Nd3 Qd7 33. Qc5 Ng8 34. Qf8 h6 35. Nec5 Qd8 36. Qxf7 Bb6 37. Nxe6 Bxe6 38. Qxe6 Qh4 39. Bf8 Qg3+ 40. Bg2 Qxd3 41. Qf7 Qh7 42. e6 Qb1+ 43. Bf1 Qb2 44. Bc4 1/2-1/2

[Event "Mittelrhein Verbandsliga-W 1112"]
[Site "Germany"]
[Date "2011.10.09"]
[Round "2.6"]
[White "Hagmanns, Raphael"]
[Black "Schmitz, Rolf"]
[Result "1/2-1/2"]
[WhiteElo "1775"]
[BlackElo "1934"]
[PlyCount "81"]
[EventDate "2011.09.18"]
[EventType "team-tourn"]
[EventRounds "11"]
[EventCountry "GER"]
[SourceTitle "EXT 2013"]
[Source "ChessBase"]
[SourceDate "2012.11.22"]
[SourceVersion "1"]
[SourceVersionDate "2012.11.22"]
[SourceQuality "1"]
[WhiteTeam "Aachen II"]
[BlackTeam "Kerpen SK"]
[WhiteTeamCountry "GER"]
[BlackTeamCountry "GER"]

1. e4 c5 2. Nf3 e6 3. d4 cxd4 4. Nxd4 a6 5. Bd3 Qc7 6. c4 Nc6 7. Nxc6 bxc6 8. Nc3 Nf6 9. 0-0 Bc5 10. Qe2 d6 11. Kh1 e5 12. Be3 Bxe3 13. Qxe3 Rb8 14. b3 Qb6 15. Qd2 0-0 16. Be2 Rd8 17. Rad1 Be6 18. f4 Bg4 19. Bf3 Kf8 20. fxe5 dxe5 21. Qg5 Bxf3 22. gxf3 Rxd1 23. Nxd1 Qd4 24. Rg1 Ne8 25. Qc1 Qd3 26. Qe3 Rd8 27. Qc5+ Kg8 28. Ne3 Qe2 29. Qe7 Qxf3+ 30. Rg2 Qf6 31. Nf5 Rd1+ 32. Rg1 Rxg1+ 33. Kxg1 Qxe7 34. Nxe7+ Kf8 35. Nxc6 f6 36. Kf2 Kf7 37. Nb4 Nc7 38. Kf3 Ke6 39. Nd5 Nxd5 40. exd5+ Kd6 41. b4 1/2-1/2